Upravlenije v raspredelennych informacionnych sistemach Sbornik naučnych trudov

Saved in:
Bibliographic Details
Format: Book
Language:Russian
Published: Moskva Nauka 1989
Edition:1. izd.
Tags: Add Tag
No Tags, Be the first to tag this record!

MARC

LEADER 00000nam a2200000 4500
001 c025556
005 20250221091406.5
041 0 |a rus 
044 |a RU 
245 1 0 |a Upravlenije v raspredelennych informacionnych sistemach  |b Sbornik naučnych trudov  |c Zodp. red. V.G. Lazarev 
250 |a 1. izd. 
264 1 |a Moskva  |b Nauka  |c 1989 
300 |a 143 s.